000 00397nam a2200181Ia 4500
001 14526
003 GE_BSU
008 181216s||||||||xx |||||||||||||| ||und||
040 _cGE_BSU
080 _a641
245 _aSalads and Summer Dishes
260 _aLondon
260 _bGuild publishing
260 _c1984
300 _a160p.ill.26cm.
653 _aSalads and Summer Dishes
942 _cBK
999 _c47657
_d47657